| 000 | 01229nam a2200301 a 4500 | ||
|---|---|---|---|
| 999 |
_c325652 _d325652 |
||
| 003 | BLK | ||
| 005 | 20250107172712.0 | ||
| 008 | 181023b bu ||||| |||| 00| 0 bu d | ||
| 020 | _a978-619-164-257-1 | ||
| 040 | _aBLK | ||
| 041 |
_aBUL _cBUL |
||
| 080 |
_aАнглийска литература _b821.111 _x-9 _z821.111-9 |
||
| 080 |
_aУелски писател-хуморист от норвежки произход _b929 Дал, Роалд _z929 Дал, Роалд |
||
| 100 |
_aСтърок, Доналд _eпърви автор _91299 |
||
| 139 |
_aСтърок, Доналд _bС 88 |
||
| 245 |
_aРазказвачът. Животът на Роалд Дал _cДоналд Стърок ; прев. от англ. Мариана Христова |
||
| 260 |
_9215899 _aСофия _bEnthusiast _c2017 |
||
| 300 |
_a570 с. _c24 см |
||
| 380 | _aX | ||
| 500 | _aОриг. загл.: Storyteller / Donald Sturrock. | ||
| 504 | _aБиблиогр.: с. 561-569. | ||
| 600 | 0 |
_9370919 _aДал, Роалд |
|
| 653 | 7 |
_9181990 _aбиографии |
|
| 700 |
_aХристова, Мариана Тошкова _d1981- _9381272 |
||
| 852 |
_aЦб 291099 _bЦб |
||
| 942 |
_2udc _cKNG _n0 _s1 _02 |
||
| 944 |
_k30530 _lМинев Младен |
||